MARC details
| 000 -CABECERA |
| campo de control de longitud fija |
01071cam a2200265 a 4500 |
| 001 - NÚMERO DE CONTROL |
| campo de control |
000005900 |
| 005 - FECHA Y HORA DE LA ÚLTIMA TRANSACCIÓN |
| campo de control |
20200929151830.0 |
| 008 - DATOS DE LONGITUD FIJA--INFORMACIÓN GENERAL |
| campo de control de longitud fija |
770221s1968 sp 001 0 spa |
| 040 ## - FUENTE DE LA CATALOGACIÓN |
| Centro catalogador/agencia de origen |
DO-SdBNP |
| Centro/agencia transcriptor |
RPB |
| Centro/agencia modificador |
DLC |
| 082 ## - NÚMERO DE LA CLASIFICACIÓN DECIMAL DEWEY |
| Número de clasificación |
195 |
| Número de documento/Ítem |
T874d |
| 100 1# - ENTRADA PRINCIPAL--NOMBRE DE PERSONA |
| Nombre de persona |
Truyol, Antonio. |
| Forma completa/desarrollada del nombre |
(Antonio Truyol y Serra), |
| Fechas asociadas al nombre |
1913-2003. |
| 9 (RLIN) |
16635 |
| 245 10 - MENCIÓN DE TÍTULO |
| Título |
Dante y Campanella : |
| Resto del título |
dos visiones de una sociedad mundial / |
| Mención de responsabilidad, etc. |
Antonio Truyol. |
| 260 ## - PUBLICACIÓN, DISTRIBUCIÓN, ETC. |
| Lugar de publicación, distribución, etc. |
Madrid, : |
| Nombre del editor, distribuidor, etc. |
Tecnos, |
| Fecha de publicación, distribución, etc. |
1968. |
| 300 ## - DESCRIPCIÓN FÍSICA |
| Extensión |
172 p. ; |
| Dimensiones |
20 cm. |
| 490 1# - MENCIÓN DE SERIE |
| Mención de serie |
Semblanzas |
| 490 1# - MENCIÓN DE SERIE |
| Mención de serie |
Los hombres y sus ideas |
| 504 ## - NOTA DE BIBLIOGRAFÍA, ETC. |
| Nota de bibliografía, etc. |
Incluye referencias bibliográficas. |
| 600 10 - PUNTO DE ACCESO ADICIONAL DE MATERIA--NOMBRE DE PERSONA |
| Nombre de persona |
ALIGHIERI, DANTE, |
| Fechas asociadas al nombre |
1265-1321 |
| Subdivisión general |
PENSAMIENTO POLÍTICO Y SOCIAL. |
| 9 (RLIN) |
16636 |
| 610 10 - PUNTO DE ACCESO ADICIONAL DE MATERIA--NOMBRE DE ENTIDAD CORPORATIVA |
| Nombre de entidad corporativa o nombre de jurisdicción como elemento de entrada |
ALIGHIERI, DANTE, |
| Fecha del congreso/reunión o de la firma de un tratado |
1265-1321 |
| Subdivisión general |
CRÍTICA E INTERPRETACIÓN |
| 9 (RLIN) |
16637 |
| 600 10 - PUNTO DE ACCESO ADICIONAL DE MATERIA--NOMBRE DE PERSONA |
| Nombre de persona |
CAMPANELLA, TOMMASO, |
| Fechas asociadas al nombre |
1568-1639 |
| Subdivisión general |
PENSAMIENTO POLÍTICO Y SOCIAL. |
| 9 (RLIN) |
16638 |
| 600 10 - PUNTO DE ACCESO ADICIONAL DE MATERIA--NOMBRE DE PERSONA |
| Nombre de persona |
CAMPANELLA, TOMMASO, |
| Fechas asociadas al nombre |
1568-1639 |
| Subdivisión general |
CRÍTICA E INTERPRETACIÓN |
| 9 (RLIN) |
16639 |
| 650 #4 - PUNTO DE ACCESO ADICIONAL DE MATERIA--TÉRMINO DE MATERIA |
| Término de materia o nombre geográfico como elemento de entrada |
Filosofía italiana |
| 9 (RLIN) |
16640 |
| 830 #0 - PUNTO DE ACCESO ADICIONAL DE SERIE-TÍTULO UNIFORME |
| Título uniforme |
Semblanzas. |
| Nombre de parte o sección de la obra |
los hombres y sus ideas |
| 9 (RLIN) |
16641 |
| 910 ## - DATOS DE OPCIÓN DEL USUARIO (OCLC) |
| Datos de opción del usuario |
Catalogación por copia / LC |